|
|
|
|
| LEADER |
01854nam a2200541 i 4500 |
| 001 |
nkc20243662034 |
| 003 |
CZ PrNK |
| 005 |
20250403090012.0 |
| 007 |
ta |
| 008 |
241216s2024 xr a e 000 0dcze |
| 015 |
|
|
|a cnb003662034
|
| 020 |
|
|
|a 978-80-908933-3-7
|q (brožováno)
|
| 035 |
|
|
|a (OCoLC)1514347682
|
| 040 |
|
|
|a BOA001
|b cze
|d OLA001
|d ABA001
|e rda
|
| 041 |
1 |
|
|a cze
|a eng
|a fre
|h cze
|
| 043 |
|
|
|a e-xr---
|
| 045 |
|
|
|a y0y2
|
| 072 |
|
7 |
|a 76
|x Grafické umění. Grafika
|2 Konspekt
|9 21
|
| 080 |
|
|
|a 76(437.3)
|2 MRF
|
| 080 |
|
|
|a 7.036/.038
|2 MRF
|
| 080 |
|
|
|a (437.3)
|2 MRF
|
| 080 |
|
|
|a (084.11)
|2 MRF
|
| 100 |
1 |
|
|a Vičar, Jan,
|d 1967-
|7 jo2003163202
|4 aut
|4 ill
|
| 245 |
1 |
0 |
|a Jan Vičar /
|c texty: Jan Kunze, Tereza Lochmann, Jan Vičar
|
| 264 |
|
1 |
|a [Trutnov] :
|b EPO1,
|c 2024
|
| 300 |
|
|
|a 86 stran :
|b barevné ilustrace ;
|c 28 cm
|
| 336 |
|
|
|a text
|b txt
|2 rdacontent
|
| 336 |
|
|
|a statický obraz
|b sti
|2 rdacontent
|
| 337 |
|
|
|a bez média
|b n
|2 rdamedia
|
| 338 |
|
|
|a svazek
|b nc
|2 rdacarrier
|
| 500 |
|
|
|a 750 výtisků
|
| 546 |
|
|
|a Souběžný anglický a francouzský text
|
| 600 |
1 |
7 |
|a Vičar, Jan,
|d 1967-
|7 jo2003163202
|2 czenas
|
| 648 |
|
7 |
|a 21. století
|7 ch460559
|2 czenas
|
| 648 |
|
4 |
|a 2003-2024
|
| 650 |
0 |
7 |
|a česká grafika
|7 ph128116
|y 21. století
|2 czenas
|
| 650 |
0 |
7 |
|a moderní umění
|7 ph115340
|z Česko
|2 czenas
|
| 650 |
0 |
9 |
|a Czech prints
|y 21st century
|2 eczenas
|
| 650 |
0 |
9 |
|a modern art
|z Czechia
|2 eczenas
|
| 655 |
|
7 |
|a obrazové publikace
|7 fd132947
|2 czenas
|
| 655 |
|
9 |
|a pictorial works
|2 eczenas
|
| 700 |
1 |
|
|a Lochmannová, Tereza,
|d 1990-
|7 xx0267312
|4 aut
|
| 700 |
1 |
|
|a Kunze, Jan,
|d 1976-
|7 xx0020303
|4 aut
|
| 910 |
2 |
|
|a BOA001
|b 4-1541.107
|
| 990 |
|
|
|a BK
|
| 995 |
|
|
|a 01
|
| 991 |
|
|
|b 202503
|c NOV
|
| 996 |
6 |
|
|b 2610995671
|c 4-1541.107
|l MZK
|r Sklad / do 1 hodiny
|n 0
|p p.v.
|w 001996323
|u 000010
|a 1
|e BOA001
|j MZK50
|s P
|